00655 2200241 4500001002100000005001700021008004100038020002200079035002400101041000800125043001300133082001000146090002000156100001200176245008500188250001000273260003400283300002500317650001200342700002000354850001200374990002700386YOGYA-0711000000062420110713111605.0 ind  a978-602-978-558-6 0010-071100000000624 aInd aYOPD DIY a641.5 aDEP 641.5 Fat V aFatimah aVarian Kuliner Serba Super Khas Padang Mantap di Lidah dan Penuh SeleracFatimah aCet 1 aYogyakartabFlash Booksc2011 a104 hlmbilusc24 cm aMasakan aSawitri, Nawang aYOPDYOG aCB - D.11 - 2011 - 231